| 000 | 00753nam a22001817a 4500 | ||
|---|---|---|---|
| 005 | 20240212152010.0 | ||
| 010 | _aHIN-126852 | ||
| 020 |
_a9789354883019 _c175.00 |
||
| 035 | _aHN-99198 | ||
| 037 | _bDBAD/PUB | ||
| 082 | _a330.954 | ||
| 100 |
_aरणजीत कुमार सिंह _961946 |
||
| 245 |
_aNCERT ऑब्जेक्टिव भारतीय अर्थव्यवस्था/ _cरणजीत कुमार सिंह |
||
| 260 |
_aनई दिल्ली _bप्रभात एग्जाम |
||
| 270 |
_bनई दिल्ली _a4/19 आसफ अली रोड _e110002 |
||
| 300 |
_a164पृ.; _c28सेमी (अजिल्द) |
||
| 942 |
_2ddc _cHN _h330.954 _mरणजी |
||
| 999 |
_c200625 _d200625 |
||